| 000 | 01452cam a22001934a 4500 | ||
|---|---|---|---|
| 005 | 20250605164103.0 | ||
| 008 | 250528s ||||||||||||||||||||||||d | ||
| 035 | _a17634 | ||
| 020 | _a9789605610609 | ||
| 040 |
_aGR-AtMCL _bgre _dGR-AtMCL _eAACR2 |
||
| 245 | 1 | _aΒεργίνα / Ιστορικά Μνημεία της Ελλάδας: Αρχαία Ελλάδα | |
| 260 |
_bΣελένα Εκδοτική Α. Ε, _c2013 |
||
| 300 | _a72 | ||
| 520 | _aΟι Αιγές ήταν η πρωτεύουσα του Μακεδονικού Κράτους του 6ου και του 5ου π.Χ. αιώνα, και το κέντρο της οικονομικής καο πολιτιστικής ζωής του τόπου. National Geographic. Εισαγωγικό Σημείωμα, Η Ιστορία της Βεργίνας, Το Χρονικό των Ανασκαφών, Η Εξομολόγηση του Ανδρόνικου, Οι Τάφοι της Μεγάλης Τούμπας, Τα ευρήματα του Τάφου του Φιλίππου, Ο Τάφος του Πρίγκηπα, Ο Τάφος με τους Ελεύθερους Κίονες, Το Μουσείο της Βεργίνας, Από την Ιστορία στο Μύθο, Το Χρονολόγιο της Δυναστείας των Αργεάδων, Βιβλιογραφία. | ||
| 700 | 1 |
_aΚοπελιάδης Γιώργος _93825 |
|
| 942 | _cBK | ||
| 999 |
_c3036 _d3036 |
||